01241nab a22002177a 4500003000400000005001700004008004100021040001100062100002500073245010900098260007300207300001200280500015400292505022100446505008900667650001500756650002500771650002700796650005500823773014500878OSt20250225130933.0190603e xxum|||| |||| 00| 0 spa d cPJ-TDF aIglesias, Mariana B.10aSocioafectividad y solidaridad (sin olvidar la buena fe) en el derecho sucesorio /cMariana B. Iglesias. cCiudad Autónoma de Buenos Aires :aThomson Reuters La Ley, b2024. ap. 215- aCita: TR LALEY AR/DOC/1990/2024. Publicado en: R.C.C. y C. 2024 (Septiembre-Octubre). EDICIÓN ESPECIAL: XXIX Jornadas Nacionales de Derecho Civil. aSumario: I. Introducción.— II. Algunos lineamientos para reflexionar.— III. Conclusión: no solo solidaridad familiar y socioafectividad sino también la buena fe integran los deberes en el derecho sucesorio. t¿Te interesa el texto completo? Solicitalo al correo: koha@justierradelfuego.gov.ar 0aSUCESIONES 0aVOCACION HEREDITARIA 0aUNIONES CONVIVENCIALES 0aDERECHO DE HABITACIÓN DEL CÓNYUGE SUPÉRSTITE0 02713dCiudad Autónoma de Buenos Aires : Thomson Reuters La Ley, 2015-tRevista Código Civil y Comercial. Nº 5 - Septiembre-Octubre 2024